Estudios románicos
| Corporate Authors: | , |
|---|---|
| Format: | Electronic Journal |
| Language: | Spanish French |
| Published: |
[Murcia] :
Universidad de Murcia, Departamento de Filología Románica,
1978-
|
| Subjects: | |
| Online Access: | Full text available from Research Library: 01/01/2014 to present Full text available from PRISMA Database with HAPI Index: 01/01/2014 to 01/31/2016 |
MARC
| LEADER | 00000nas a2200000 a 4500 | ||
|---|---|---|---|
| 001 | ssj0000396168 | ||
| 003 | WaSeSS | ||
| 005 | 20200512172242.0 | ||
| 006 | m d | ||
| 007 | cr n | ||
| 008 | 100418c19789999sp x p s 0 0spa c | ||
| 010 | |a 2013240127 | ||
| 016 | 7 | |a 2472764-7 |2 DE-600 | |
| 022 | |a 0210-4911 |l 0210-4911 |y 0210-4911 | ||
| 035 | |a (WaSeSS)ssj0000396168 | ||
| 040 | |a OCLCE |b eng |c OCLCE |d HEBIS |d OCLCQ |d IXA |d OCLCQ |d OCLCF |d OCLCO |d OCLCA |d OCL |d OCLCO |d OCLCQ |d OCLCA |d UAB |d Z5A |d VWB |d UOK |d VT2 |d WYU |d WaSeSS | ||
| 041 | 0 | |a spa |a fre | |
| 042 | |a pcc |a dlr | ||
| 043 | |a e-sp--- | ||
| 245 | 0 | 0 | |a Estudios románicos |h [electronic resource]. |
| 260 | |a [Murcia] : |b Universidad de Murcia, Departamento de Filología Románica, |c 1978- | ||
| 310 | |a Irregular | ||
| 362 | 1 | |a Began with no. 1 (1978). | |
| 506 | |a License restrictions may limit access. | ||
| 515 | |a Some issues combined. | ||
| 538 | |a Master and use copy. Digital master created according to Benchmark for Faithful Digital Reproductions of Monographs and Serials, Version 1. Digital Library Federation, December 2002. |u http://purl.oclc.org/DLF/benchrepro0212 |5 MiAaHDL | ||
| 546 | |a In Spanish, some French. | ||
| 550 | |a Vols. for <2001/2002-> issued by: Universidad de Murcia, Area de Filología Románica. | ||
| 583 | 1 | |a digitized |c 2010 |h HathiTrust Digital Library |l committed to preserve |2 pda |5 MiAaHDL | |
| 588 | |a Description based on first issue; title from HTML header (Dialnet Web site, viewed Mar. 28 2013). | ||
| 588 | |a Latest issue consulted: No. 20 (año 2011) (viewed Mar. 28 2013). | ||
| 650 | 0 | |a Romance philology |v Periodicals. | |
| 650 | 0 | |a Romance-language literature |v Periodicals. | |
| 650 | 0 | |a Romance-language literature |z Spain |v Periodicals. | |
| 650 | 7 | |a Romance-language literature. |2 fast |0 (OCoLC)fst01099871 | |
| 650 | 7 | |a Romance philology. |2 fast |0 (OCoLC)fst01099881 | |
| 650 | 1 | 7 | |a Romaanse talen. |2 gtt |
| 651 | 7 | |a Spain. |2 fast |0 (OCoLC)fst01204303 | |
| 655 | 0 | |a Electronic journals. | |
| 710 | 2 | |a Universidad de Murcia. |b Departamento de Filología Románica. | |
| 710 | 2 | |a Universidad de Murcia. |b Area de Filología Románica. | |
| 776 | 0 | 8 | |i Print version: |t Estudios románicos |w (DLC) 79647323 |w (OCoLC)4930091 |
| 856 | 4 | 0 | |z Full text available from Research Library: 01/01/2014 to present |u https://search.proquest.com/publication/2035773 |
| 856 | 4 | 0 | |z Full text available from PRISMA Database with HAPI Index: 01/01/2014 to 01/31/2016 |u https://search.proquest.com/publication/2036006 |